000 01362nam0a22003131 4500
001 rc\3124704
005 20120615094755.4
021 _aRU
_b75-30297
021 _aRU
_bРг7284-75
035 _a(NLR Aleph) 007281926
090 _a5518589
_c5518589
100 _a20120615d1975 |||y0rusy50 ca
101 0 _arus
102 _aRU
105 _aa z |||||
200 1 _aОтраслевой руководящий материал по созданию автоматизированной системы управления на судостроительных предприятиях
_e299054-04-ОРМ-74
_fЦНИИ "Румб"
_iПодсистема "Оперативное управление производством"
210 _aЛенинград
_cБ. и.
_d1975
215 _a76 с., 2 л. схем.
_cсхем.
_d20
300 _aНа 4-й с.: разработали Артемьев Г.А., к. т. н. Романихин В.И., инж. Лук Ю.И. [и др.]
320 _aБиблиогр.: с. 41
702 1 _aРоманихин
_bВ. И.
_4570
702 1 _aАртемьев
_bГ. А.
_4570
702 1 _aЛук
_bЮ. И.
_4570
712 0 2 _a"Румб", институт
_cЛенинград
_3RU\NLR\AUTH\8810006944
801 0 _aRU
_bNLR
_gpsbo
801 1 _aRU
_bELAR
_2rusmarc
852 _aNLR
_j75-4/3589
942 _cBOOK
980 _aNB